| 000 | 00345nam a2200133Ia 4500 | ||
|---|---|---|---|
| 008 | 240624s9999 xx 000 0 und d | ||
| 041 | _aeng | ||
| 082 | _a300.72 NIS | ||
| 100 | _aNISHISHIBA MASAMI | ||
| 245 | _aRESEARCH METHODS AND STATISTICS FOR PUBL | ||
| 260 |
_c2014 _aLondon _bSage |
||
| 300 | _axxi, : 367 : p. : cm. ; 23 | ||
| 365 |
_c _b38 |
||
| 999 |
_c27468 _d27468 |
||